Statistics for Countries the United States has declared war on

Click here to take the quiz!

General Stats

  • This quiz has been taken 81 times
  • The average score is 8 of 10

Answer Stats

HintAnswer% Correct
GGermany
97%
JJapan
97%
UUnited Kingdom
91%
IItaly
85%
RRomania
85%
AAustria- Hungary
81%
BBulgaria
79%
HHungary
79%
MMexico
76%
SSpain
72%

Score Distribution

Percentile by Number Answered

Percent of People with Each Score

Your Score History

You have not taken this quiz